000 00545nam a2200193 a 4500
005 20240504063741.0
008 010713s1995 es r 000 0 spa d
020 _a8482110455
035 _aUPN01000109562
049 _aCG
050 4 _aQ125
_bA7.6
100 1 _aArmestos, Constantino,
_d1952-
_931487
245 1 0 _aPor los senderos de la ciencia /
_cConstantino Armestos.
260 _aMadrid :
_bCeleste,
_c1995.
300 _a180 p. :
_bil.
650 4 _aCIENCIA Y CIVILIZACION
_93496
650 4 _aCiencia
_xHistoria
_94695
905 _aLibro
999 _c83473
_d83473